000 00556nam a2200193 4500
003 OSt
005 20240709025229.0
006 a
008 240709b |||||||| |||| 00| 0 eng d
020 _a0321429168
040 _aDWCL-Main lib.
_cOC
082 _aCirc. 005.7 D269a 2007
100 _aDawes, Brendan
245 _aAnalog in, digital out : Brendan Dawes on interaction design /
260 _aBerkeley, Calif. :
_bNew Riders,
_cc2007.
300 _b331 p. : col. ill. ;
_c23 cm.
650 _a1. Web sites-Design.
942 _2ddc
_n0
_cBK-CIRC
_kCirc.
999 _c2131
_d2131